[Event "ROM-ch U16"]
[Site "Voineasa"]
[Date "2010.04.11"]
[Round "5"]
[White "Dumitrescu, Robert Constantin"]
[Black "Catricicau, Claudiu"]
[Result "1-0"]
[WhiteElo "1863"]
[BlackElo "1847"]
[PlyCount "73"]
[EventDate "2010.04.08"]
[EventType "swiss"]
[EventRounds "9"]
[EventCountry "ROU"]
[SourceTitle "EXT 2020"]
[Source "ChessBase"]
[SourceDate "2019.10.17"]
[SourceVersion "1"]
[SourceVersionDate "2019.10.17"]
[SourceQuality "1"]

1. e4 c5 2. Nf3 Nf6 3. Nc3 d6 4. d4 cxd4 5. Nxd4 g6 6. Be3 Bg7 7. h3 Nc6 8. Bc4 0-0 9. Bb3 Na5 10. 0-0 Nxb3 11. axb3 d5 12. exd5 Nxd5 13. Nxd5 Qxd5 14. c3 a6 15. b4 e5 16. Nf3 Qc6 17. Qe2 Be6 18. Rfd1 Rfd8 19. Bg5 f6 20. Bh4 g5 21. Bg3 Bb3 22. Rd2 Rd5 23. Rxd5 Qxd5 24. Nd2 Rd8 25. Nxb3 Qxb3 26. f3 Bh6 27. Be1 Qd5 28. Kf1 f5 29. Ra5 Qf7 30. Rxe5 g4 31. Re7 Qh5 32. Qe6+ Kh8 33. Qf6+ Kg8 34. Rxb7 Rf8 35. Qe6+ Kh8 36. c4 Bg7 37. Rxg7 1-0

[Event "ROM-ch U16"]
[Site "Voineasa"]
[Date "2010.04.11"]
[Round "6"]
[White "Vasile, Claudiu Daniel"]
[Black "Dumitrescu, Robert Constantin"]
[Result "1-0"]
[WhiteElo "1980"]
[BlackElo "1863"]
[PlyCount "64"]
[EventDate "2010.04.08"]
[EventType "swiss"]
[EventRounds "9"]
[EventCountry "ROU"]
[SourceTitle "EXT 2020"]
[Source "ChessBase"]
[SourceDate "2019.10.17"]
[SourceVersion "1"]
[SourceVersionDate "2019.10.17"]
[SourceQuality "1"]

1. e4 e5 2. Nf3 Nc6 3. Bb5 d6 4. d4 Bd7 5. 0-0 Nf6 6. Nc3 Be7 7. Re1 exd4 8. Nxd4 0-0 9. Bxc6 bxc6 10. Bg5 c5 11. Nf5 Bxf5 12. exf5 Re8 13. Qf3 Qd7 14. Rad1 Rab8 15. b3 h6 16. Bxf6 Bxf6 17. Ne4 Qe7 18. Kf1 Qf8 19. Nxf6+ gxf6 20. Qg4+ Kh7 21. Qh4 Qg7 22. Qa4 Re5 23. Qxa7 Rc8 24. Qb7 Qg8 25. Rxe5 fxe5 26. Rd3 Qd8 27. Qe4 Qg5 28. Rg3 Qc1+ 29. Ke2 f6 30. Rg6 Rf8 31. a4 d5 32. Qd3 c4 1-0

[Event "ROM-ch U16"]
[Site "Voineasa"]
[Date "2010.04.10"]
[Round "4"]
[White "Cordea, David"]
[Black "Dumitrescu, Robert Constantin"]
[Result "1-0"]
[WhiteElo "1935"]
[BlackElo "1863"]
[PlyCount "55"]
[EventDate "2010.04.08"]
[EventType "swiss"]
[EventRounds "9"]
[EventCountry "ROU"]
[SourceTitle "EXT 2020"]
[Source "ChessBase"]
[SourceDate "2019.10.17"]
[SourceVersion "1"]
[SourceVersionDate "2019.10.17"]
[SourceQuality "1"]

1. d4 d5 2. c4 c6 3. Nf3 Nf6 4. g3 Bf5 5. Bg2 Bxb1 6. Rxb1 Qa5+ 7. Bd2 Qxa2 8. cxd5 Qxd5 9. 0-0 e6 10. b4 a6 11. Qc2 Qb5 12. e4 Be7 13. Bg5 h6 14. Bxf6 Bxf6 15. d5 exd5 16. e5 Be7 17. e6 0-0 18. Ne5 f6 19. Ng6 Re8 20. Nxe7+ Rxe7 21. Qg6 Qb6 22. Bh3 Qd8 23. Bf5 Kf8 24. Rfe1 Rc7 25. Qh7 a5 26. Qh8+ Ke7 27. Qxg7+ Kd6 28. e7 1-0

[Event "ROM-ch U14 Boys"]
[Site "Voineasa"]
[Date "2008.04.17"]
[Round "8"]
[White "Dumitrescu, Robert Constantin"]
[Black "Barascu, Alexandru Florian"]
[Result "1-0"]
[WhiteElo "869"]
[BlackElo "1878"]
[PlyCount "69"]
[EventDate "2008.04.08"]
[EventType "swiss"]
[EventRounds "9"]
[EventCountry "ROU"]
[SourceTitle "EXT 2013"]
[Source "ChessBase"]
[SourceDate "2012.11.22"]
[SourceVersion "1"]
[SourceVersionDate "2012.11.22"]
[SourceQuality "1"]

1. e4 c5 2. Nf3 Nc6 3. d4 cxd4 4. Nxd4 d6 5. Nc3 Nf6 6. h3 Bd7 7. Be3 a6 8. Bd3 e6 9. 0-0 Be7 10. Qe1 0-0 11. Rd1 Qc7 12. f4 Nxd4 13. Bxd4 e5 14. Be3 Bc6 15. Kh1 Nh5 16. fxe5 dxe5 17. Rf5 g6 18. Rxh5 gxh5 19. Bh6 Kh8 20. Bxf8 Rxf8 21. Qe2 Qb6 22. Nd5 Bxd5 23. exd5 h4 24. Qh5 h6 25. Qxe5+ Qf6 26. Qe4 Qg6 27. Qxe7 Qg7 28. d6 Rg8 29. Be4 Qg5 30. Qxg5 hxg5 31. d7 Rd8 32. Bxb7 a5 33. Bc8 Kg7 34. Re1 Kf8 35. Re5 1-0

[Event "ROM-ch U14 Boys"]
[Site "Voineasa"]
[Date "2008.04.12"]
[Round "1"]
[White "Palamar, Theodor"]
[Black "Dumitrescu, Robert Constantin"]
[Result "0-1"]
[WhiteElo "578"]
[BlackElo "869"]
[PlyCount "76"]
[EventDate "2008.04.08"]
[EventType "swiss"]
[EventRounds "9"]
[EventCountry "ROU"]
[SourceTitle "EXT 2013"]
[Source "ChessBase"]
[SourceDate "2012.11.22"]
[SourceVersion "1"]
[SourceVersionDate "2012.11.22"]
[SourceQuality "1"]

1. e4 e5 2. Nf3 Nc6 3. Bb5 d6 4. 0-0 Nf6 5. Nc3 Bd7 6. d3 Be7 7. Re1 0-0 8. Bg5 a6 9. Ba4 b5 10. Bb3 Bg4 11. Bxf6 Bxf6 12. h3 Bh5 13. g4 Bg6 14. Bd5 Qd7 15. Bxc6 Qxc6 16. Nd5 Qd7 17. Nxf6+ gxf6 18. Kh2 Kh8 19. Rg1 Rg8 20. Qd2 Kg7 21. h4 h6 22. h5 Bh7 23. Nh4 d5 24. Nf5+ Bxf5 25. gxf5+ Kh7 26. f3 dxe4 27. fxe4 Qd4 28. c3 Qd6 29. Rxg8 Rxg8 30. Rg1 Rg5 31. Qe2 Qb6 32. Qd1 Qe3 33. Rxg5 fxg5 34. Qg4 f6 35. Qg3 Qe2+ 36. Kg1 Qd1+ 37. Kg2 Qd2+ 38. Kh3 Qxb2 0-1

[Event "ROM-chT U14"]
[Site "Mangalia"]
[Date "2007.08.29"]
[Round "6"]
[White "Pop, Alexandru"]
[Black "Dumitrescu, Robert Constantin"]
[Result "1-0"]
[WhiteElo "1807"]
[BlackElo "1748"]
[PlyCount "97"]
[EventDate "2007.08.26"]
[EventType "team-swiss"]
[EventRounds "7"]
[EventCountry "ROU"]
[SourceTitle "EXT 2010"]
[Source "ChessBase"]
[SourceDate "2010.11.25"]
[SourceVersion "1"]
[SourceVersionDate "2010.11.25"]
[SourceQuality "1"]

1. e4 e5 2. Nf3 Nc6 3. Bb5 d6 4. d4 Bd7 5. Nc3 exd4 6. Nxd4 Nf6 7. Bxc6 bxc6 8. 0-0 Be7 9. Qf3 c5 10. Nf5 Bxf5 11. Qxf5 0-0 12. e5 Nd7 13. Bf4 Rb8 14. Rab1 dxe5 15. Bxe5 Nxe5 16. Qxe5 Bd6 17. Qd5 Re8 18. b3 Re5 19. Qf3 Qh4 20. g3 Qe7 21. Nd5 Qe6 22. Rbd1 Re8 23. Ne3 Qc8 24. Nc4 R5e6 25. Qd5 Qa8 26. Qxa8 Rxa8 27. Rfe1 Rae8 28. Kf1 Kf8 29. Rxe6 Rxe6 30. Re1 Ke7 31. Rxe6+ Kxe6 32. Ke2 Kd5 33. Kd3 Ke6 34. Nxd6 cxd6 35. Kc4 Kd7 36. Kd5 Kc7 37. f4 Kd7 38. g4 Kc7 39. h4 Kd7 40. f5 Ke7 41. c3 g6 42. fxg6 fxg6 43. g5 Kd7 44. b4 cxb4 45. cxb4 Kc7 46. b5 Kd7 47. a4 Kc7 48. a5 Kd7 49. b6 1-0

[Event "ROM-chT U14"]
[Site "Mangalia"]
[Date "2007.08.27"]
[Round "?"]
[White "Hajbok, Robert"]
[Black "Dumitrescu, Robert Constantin"]
[Result "1-0"]
[WhiteElo "2152"]
[BlackElo "1748"]
[PlyCount "97"]
[EventDate "2007.08.26"]
[EventType "team-swiss"]
[EventRounds "7"]
[EventCountry "ROU"]
[SourceTitle "EXT 2010"]
[Source "ChessBase"]
[SourceDate "2010.11.25"]
[SourceVersion "1"]
[SourceVersionDate "2010.11.25"]
[SourceQuality "1"]

1. d4 c5 2. Nf3 d5 3. c3 Nc6 4. e3 Bf5 5. dxc5 e6 6. b4 Nf6 7. Bb5 Nd7 8. Nd4 Nxd4 9. cxd4 Be7 10. 0-0 0-0 11. Nc3 a5 12. bxa5 Rxa5 13. a4 Qc7 14. Bd2 Raa8 15. Qf3 Nf6 16. Rfe1 Ne4 17. Nxe4 Bxe4 18. Qe2 Bf6 19. f3 Bg6 20. f4 Kh8 21. Rf1 Be4 22. g4 Be7 23. Bd3 Bxd3 24. Qxd3 f6 25. Qb3 f5 26. Rfb1 Rab8 27. Qb6 Qc6 28. Qxc6 bxc6 29. g5 Rfc8 30. a5 Kg8 31. a6 Kf8 32. a7 Ra8 33. Rb7 Bd8 34. Ba5 Be7 35. Bc7 Re8 36. Ra6 Bd8 37. Ba5 Be7 38. Bc7 Rec8 39. Rb8 Re8 40. Be5 g6 41. Rb7 Rec8 42. Kg2 Ke8 43. Kg3 Kf8 44. Rbb6 Kf7 45. Bb8 Bd8 46. Rxc6 Rxc6 47. Rxc6 Ke7 48. Rb6 Bxb6 49. cxb6 1-0

[Event "ROM-ch U14"]
[Site "Amara"]
[Date "2007.04.18"]
[Round "9"]
[White "Dumitrescu, Robert Constantin"]
[Black "Dan, Aurelian"]
[Result "1-0"]
[WhiteElo "1671"]
[BlackElo "1709"]
[PlyCount "65"]
[EventDate "2007.04.12"]
[EventType "swiss"]
[EventRounds "9"]
[EventCountry "ROU"]
[SourceTitle "EXT 2010"]
[Source "ChessBase"]
[SourceDate "2010.11.25"]
[SourceVersion "1"]
[SourceVersionDate "2010.11.25"]
[SourceQuality "1"]

1. e4 c5 2. Nf3 Nc6 3. d4 cxd4 4. Nxd4 d6 5. Nc3 g6 6. Bc4 Bg7 7. Be3 a6 8. 0-0 Nf6 9. h3 0-0 10. Bb3 Qc7 11. Bg5 e6 12. Be3 b5 13. a3 Bb7 14. f3 Rac8 15. Qd2 Rfe8 16. Ndxb5 axb5 17. Nxb5 Qb8 18. Qxd6 Ba6 19. Qxb8 Rxb8 20. Nc7 Bxf1 21. Nxe8 Nxe8 22. Rxf1 Bxb2 23. a4 Bd4 24. Kf2 Kf8 25. Rd1 Bxe3+ 26. Kxe3 Ke7 27. f4 Nc7 28. g4 Na6 29. Bc4 Nc7 30. f5 Rb4 31. fxg6 Rxc4 32. g7 Rxe4+ 33. Kxe4 1-0

[Event "ROM-ch U14"]
[Site "Amara"]
[Date "2007.04.16"]
[Round "7"]
[White "Dumitrescu, Robert Constantin"]
[Black "Martiniuc, Antonie Laurentiu"]
[Result "1-0"]
[WhiteElo "1671"]
[BlackElo "1922"]
[PlyCount "88"]
[EventDate "2007.04.12"]
[EventType "swiss"]
[EventRounds "9"]
[EventCountry "ROU"]
[SourceTitle "EXT 2010"]
[Source "ChessBase"]
[SourceDate "2010.11.25"]
[SourceVersion "1"]
[SourceVersionDate "2010.11.25"]
[SourceQuality "1"]

1. e4 c5 2. Nf3 e6 3. d4 cxd4 4. Nxd4 a6 5. Be3 Qc7 6. Be2 Nf6 7. Nd2 Nc6 8. 0-0 Be7 9. f4 0-0 10. c3 b5 11. Bd3 Na5 12. Qe2 Bb7 13. g4 h6 14. h4 d5 15. e5 Ne4 16. Bxe4 dxe4 17. g5 g6 18. h5 Bd5 19. hxg6 fxg6 20. gxh6 Kh7 21. Qg4 Nc4 22. Nxc4 Qxc4 23. Rf2 Rae8 24. Rg2 Rg8 25. Kh2 Bd8 26. a3 Qd3 27. Qe2 Qxe2 28. Nxe2 Ref8 29. a4 Rf5 30. axb5 axb5 31. Ra7+ Kxh6 32. Ng3 Rff8 33. f5+ g5 34. f6 Bxf6 35. exf6 Rxf6 36. Ra6 Rf3 37. Rd2 Bc4 38. Rdd6 Rgf8 39. Rxe6+ Bxe6 40. Rxe6+ Kh7 41. Nxe4 Rxe3 42. Nxg5+ Kg7 43. Rxe3 Rf2+ 44. Kg3 Rxb2 1-0

[Event "ROM-ch U14"]
[Site "Amara"]
[Date "2007.04.14"]
[Round "4"]
[White "Dumitrescu, Robert Constantin"]
[Black "Pisu, Robert Daniel"]
[Result "1-0"]
[WhiteElo "1671"]
[BlackElo "1887"]
[PlyCount "113"]
[EventDate "2007.04.12"]
[EventType "swiss"]
[EventRounds "9"]
[EventCountry "ROU"]
[SourceTitle "EXT 2010"]
[Source "ChessBase"]
[SourceDate "2010.11.25"]
[SourceVersion "1"]
[SourceVersionDate "2010.11.25"]
[SourceQuality "1"]

1. e4 c5 2. Nf3 Nc6 3. d4 cxd4 4. Nxd4 Nf6 5. Nc3 e5 6. Ndb5 d6 7. Bg5 a6 8. Bxf6 gxf6 9. Na3 Bg7 10. Bd3 0-0 11. 0-0 f5 12. Nd5 f4 13. Qh5 Ne7 14. Nxe7+ Qxe7 15. Nc4 Qc7 16. Nd2 b5 17. Nf3 f6 18. Nh4 Qf7 19. Qxf7+ Rxf7 20. a4 Rb8 21. axb5 axb5 22. c4 b4 23. c5 Be6 24. cxd6 Rd7 25. Rad1 Rb6 26. Nf5 Bxf5 27. exf5 Rbxd6 28. Bc4+ Kf8 29. Rxd6 Rxd6 30. f3 Ke7 31. Ra1 Rd7 32. b3 Kd6 33. Ra5 Bf8 34. Ra6+ Kc7 35. Rxf6 Bc5+ 36. Kf1 Rd2 37. Rf7+ Kd8 38. Rxh7 Rf2+ 39. Ke1 Rxg2 40. f6 Rg1+ 41. Ke2 Rg6 42. Rh8+ Kd7 43. f7 Rf6 44. h4 Ke7 45. h5 Rxf7 46. Bxf7 Kxf7 47. h6 Bd4 48. Rc8 Kg6 49. Rc6+ Kh7 50. Kd3 Bf2 51. Ke4 Bh4 52. Kxe5 Bg5 53. Kf5 Bxh6 54. Rxh6+ Kxh6 55. Kxf4 Kg7 56. Ke4 Kf6 57. Kd4 1-0

[Event "ROM-ch U14"]
[Site "Amara"]
[Date "2007.04.13"]
[Round "3"]
[White "Miu, Paul Vlad"]
[Black "Dumitrescu, Robert Constantin"]
[Result "1-0"]
[WhiteElo "1967"]
[BlackElo "1671"]
[PlyCount "59"]
[EventDate "2007.04.12"]
[EventType "swiss"]
[EventRounds "9"]
[EventCountry "ROU"]
[SourceTitle "EXT 2010"]
[Source "ChessBase"]
[SourceDate "2010.11.25"]
[SourceVersion "1"]
[SourceVersionDate "2010.11.25"]
[SourceQuality "1"]

1. e4 c5 2. Nf3 g6 3. c3 Bg7 4. d4 cxd4 5. cxd4 Nc6 6. Nc3 e6 7. Be3 Nge7 8. Be2 0-0 9. 0-0 d5 10. e5 Nf5 11. Rc1 Nxe3 12. fxe3 a6 13. a3 Bh6 14. Qd2 Ne7 15. g4 Bd7 16. Kh1 Qb6 17. h4 Rac8 18. Nh2 Qb3 19. g5 Bg7 20. Ng4 Nf5 21. Nf6+ Bxf6 22. gxf6 Ng3+ 23. Kg1 Nxf1 24. Rxf1 h5 25. e4 Kh7 26. exd5 exd5 27. Qg5 Rg8 28. Kh1 Qxb2 29. Bd3 Bf5 30. Bxf5 1-0